Organized labor in Japan
Đã lưu trong:
| Príomhúdar: | |
|---|---|
| Formáid: | Leabhar |
| Teanga: | Undetermined |
| Foilsithe: |
Tokyo
The foreign affairs association of Japan
1962
|
| Ábhair: | |
| Clibeanna: |
Cuir Clib Leis
Gan Chlibeanna, Bí ar an gcéad duine leis an taifead seo a chlibeáil!
|
| Thư viện lưu trữ: | Trung tâm Học liệu Trường Đại học Cần Thơ |
|---|
| LEADER | 00490nam a2200181Ia 4500 | ||
|---|---|---|---|
| 001 | CTU_87889 | ||
| 008 | 210402s9999 xx 000 0 und d | ||
| 082 | |a 331.88 | ||
| 082 | |b A989 | ||
| 100 | |a Ayusawa, Iwao | ||
| 245 | 0 | |a Organized labor in Japan | |
| 245 | 0 | |c Iwao Ayusawa | |
| 260 | |a Tokyo | ||
| 260 | |b The foreign affairs association of Japan | ||
| 260 | |c 1962 | ||
| 650 | |a Labor unions | ||
| 904 | |i Trọng Hiếu | ||
| 980 | |a Trung tâm Học liệu Trường Đại học Cần Thơ | ||